000 00618nam a2200205 a 4500
001 BRCA_4652
005 20190320204742.0
008 820913s1938####fr-af####b---#000-0#eng-#
041 _aeng
044 _afr
050 4 _aND553.G3
_b.R49 1938
100 1 _aRewald, John
_911773
245 1 0 _aGauguin
_cJohn Rewald.
260 _aFrancia
_bHyperion
_c1938
300 _a167 p.
_bil. (algunas a color), 16 láminas
_c33 cm.
500 _aIncluye una descrición detallada de las láminas y reproducciones
504 _aBibliografía: p. 164-165
600 1 4 _aGauguin, Paul
_d1848-1903
_zFrancia
_911774
942 _2lcc
_cB
999 _c4353
_d4353